Normal view
MARC view
Entry Personal Name
001 - CONTROL NUMBER
- control field: 14264
003 - CONTROL NUMBER IDENTIFIER
- control field: OSt
005 - DATE AND TIME OF LATEST TRANSACTION
- control field: 20210518105005.0
008 - FIXED-LENGTH DATA ELEMENTS
- fixed length control field: 210518|| aca||aabn | a|a d
040 ## - CATALOGING SOURCE
- Original cataloging agency: OSt
- Transcribing agency: OSt
100 ## - HEADING--PERSONAL NAME
- Personal name: Renneberg, Reinhard; Berkling,Viola; Loroch, Vanya
670 ## - SOURCE DATA FOUND
- Source citation: Work cat.: (OSt): Renneberg, Reinhard; Berkling,Viola; Loroch, Vanya, Biotechnology for beginners:, Β©2017
